Carregando...

The riddle of life

Detalhes bibliográficos
Autor principal: Annie Besant
Formato: Printed Book
Publicado em: Chennai The Theosophical Publishing House 2003
Assuntos:
LEADER 01023nam a22002651a 4500
020 |a 9788170593591  |c 0.00 
040 |a SSUS - Library - Kalady 
082 |a 128  |b ANN/R 
100 |a Annie Besant 
245 |a The riddle of life  |h [Text] 
260 |a Chennai  |b The Theosophical Publishing House  |c 2003 
300 |a 93p. 
600 |a Life 
600 |a Life Philosophy 
600 |a Philosophy 
852 |h 128  |i ANN/R  |p 058171  |9 60.00  |t 0 
852 |h 128  |i ANN/R  |p 058172  |9 60.00  |t 0 
852 |h 128  |i ANN/R  |p 058173  |9 60.00  |t 0 
942 |c BK 
942 |c BK 
942 |c BK 
999 |c 38360  |d 38360 
952 |0 0  |1 0  |4 0  |6 128_000000000000000_ANN_R  |7 0  |9 55418  |a SSUS  |b SSUS  |d 2015-01-08  |g 60.00  |o 128 ANN/R  |p 058171  |r 2015-01-08  |v 0.00  |w 2015-01-08  |y BK 
952 |0 0  |1 0  |4 0  |6 128_000000000000000_ANN_R  |7 0  |9 55419  |a SSUS  |b SSUS  |d 2015-01-08  |g 60.00  |o 128 ANN/R  |p 058172  |r 2015-01-08  |v 0.00  |w 2015-01-08  |y BK 
952 |0 0  |1 0  |4 0  |6 128_000000000000000_ANN_R  |7 0  |9 55420  |a SSUS  |b SSUS  |d 2015-01-08  |g 60.00  |o 128 ANN/R  |p 058173  |r 2015-01-08  |v 0.00  |w 2015-01-08  |y BK